'O' level made simple Module-2, business systems (Record no. 1996)

MARC details
000 -LEADER
fixed length control field 00815 a2200217 4500
020 ## - INTERNATIONAL STANDARD BOOK NUMBER
International Standard Book Number 8176567140
Terms of availability 195.00
035 ## - SYSTEM CONTROL NUMBER
System control number B-210791
037 ## - SOURCE OF ACQUISITION
Source of stock number/acquisition RP-SAT-25 / PANSY-07-08:3 / RP-07-08:ENG
082 14 - DEWEY DECIMAL CLASSIFICATION NUMBER
Classification number 004.21
090 ## - LOCALLY ASSIGNED LC-TYPE CALL NUMBER (OCLC); LOCAL CALL NUMBER (OCLC)
-- 2030
-- 2030
100 1# - MAIN ENTRY--PERSONAL NAME
Personal name Jain, Satish
245 1# - TITLE STATEMENT
Title 'O' level made simple Module-2, business systems
Remainder of title according to DOEACC M2-R3 syllabus for 'O' level examinations
Statement of responsibility, etc by Satish Jain, Shashi Singh (and) Madhulika Jain
250 ## - EDITION STATEMENT
Edition statement 2nd rev. ed.
260 ## - PUBLICATION, DISTRIBUTION, ETC. (IMPRINT)
Place of publication, distribution, etc New Delhi
Name of publisher, distributor, etc BPB Publications
Date of publication, distribution, etc 2007
270 ## - ADDRESS
Address B-14, Connuaght Place
City New Delhi
State or province Delhi
Postal code 110001
300 ## - PHYSICAL DESCRIPTION
Extent xvii, 392 p
Dimensions 27 cm (pbk)
700 ## - ADDED ENTRY--PERSONAL NAME
Personal name Singh, Shashi
700 ## - ADDED ENTRY--PERSONAL NAME
Personal name Jain, Madhulika
942 ## - ADDED ENTRY ELEMENTS (KOHA)
Institution code [OBSOLETE] dpl
Koha item type English Books
Call number prefix 004.21 / JAI
Holdings
Withdrawn status Lost status Source of classification or shelving scheme Damaged status Not for loan Home library Current library Cost, normal purchase price Total Checkouts Full call number Barcode Date last seen Uniform Resource Identifier Cost, replacement price Price effective from Koha item type
    Dewey Decimal Classification     Sarojini Nagar Sarojini Nagar 195.00   004.21 B-210791 15/09/2008 2110 195.00 15/09/2008 English Books

© Delhi Public Library
Hit Counter
free hit counter